| 000 | 00613pam a2200193 a 4500 | ||
|---|---|---|---|
| 020 | _a0632024577 (hard) : | ||
| 020 | _a0632024585 (pbk.) : | ||
| 040 | _cDLC | ||
| 082 | 0 | 0 | _a581 BLA 1991 A025 Or. |
| 100 | 1 | _aAnderson, John W. | |
| 245 | 1 | 0 |
_aMolecular activities of plant cells : _ban introduction to plant biochemistry / |
| 260 |
_aOxford [England] ; _aBoston : _bBlackwell Scientific Publications, _c1991. |
||
| 300 |
_axv, 384 p. : _bill. ; _c22 x 29 cm. |
||
| 650 | 0 | _aPlant molecular biology. | |
| 650 | 0 | _aPlant cytochemistry. | |
| 650 | 0 | _aGrowth (Plants) | |
| 700 | 1 | _aBeardall, John. | |
| 942 | _cEK | ||
| 999 |
_c13413 _d13413 |
||